Business environment in Malta

Malta ako člen EÚ prijala euro 1. januára 2008. Podmienky pre podnikanie na Malte. Podnikateľské formy a demografia. Stručné porovnanie Slovenska a Malty.

Uložené v:
Podrobná bibliografia
Hlavný autor: Tekelová, Zuzana, 1987-
Médium: Kapitola
Jazyk:English
Predmet:
Tagy: Pridať tag
Žiadne tagy, Buďte prvý, kto otaguje tento záznam!

MARC

LEADER 00000nla$a2200000$$$4500
001 0143487
005 20240502072556.0
041 0 |a eng 
044 |a SK 
245 1 0 |a Business environment in Malta  |c Zuzana Tekelová 
520 |a Malta ako člen EÚ prijala euro 1. januára 2008. Podmienky pre podnikanie na Malte. Podnikateľské formy a demografia. Stručné porovnanie Slovenska a Malty. 
610 2 0 |a podnikanie 
610 2 0 |a prostredie podnikateľské 
610 2 0 |a dane 
610 2 0 |a investície 
610 2 0 |a produkt domáci hrubý 
610 2 0 |a demografia 
610 2 0 |a Malta 
100 1 |a Tekelová, Zuzana, 1987-